| 000 | 00822nam a2200265Ia 4500 | ||
|---|---|---|---|
| 003 | OSt | ||
| 005 | 20220918185443.0 | ||
| 006 | a|||||r|||| 00| 0 | ||
| 007 | ta | ||
| 008 | 220917b |||||||| |||| 00| 0 eng d | ||
| 024 | _a51,056 | ||
| 037 | _cTextual | ||
| 040 |
_aARTS _cARTS _beng |
||
| 041 |
_2eng _aeng |
||
| 082 | _aP111:3p1,N81, M4 | ||
| 110 |
_aInternational Conference On Historical Linguistics (Poland) , 1981 _969000 |
||
| 245 | 0 | _aPapers ed by Jacek Fisiak | |
| 260 |
_aBerlin _bMouton Pub _c1984 |
||
| 300 |
_axii,636p. _ccm. |
||
| 490 | _aTrades in linguistics studies in monographs; 23 | ||
| 650 | _aLINGUISTICS | ||
| 700 |
_aInternational Conference On Historical Linguistics (Poland) , 1981 _969001 |
||
| 942 |
_hP111:3p1,N81, M4 _cTEXL _2CC |
||
| 999 |
_c180651 _d180651 |
||